000 00293nam a2200121Ia 4500
008 191201s2000 xx 000 0 und d
100 _aGUPTA, A.K
245 0 _aNCUTE Industry Meet 2000: A Report
260 _c2000
_bNCUTE-IIT DELHI
300 _a192
650 _aB.Tech(TE)
942 _2ddc
_cBK
999 _c6799
_d6799